Die größten Städte Deutschlands mit M - Statistiken

Allgemein
  • Dieses Quiz wurde 456 mal gespielt
  • Das Durchschnittsergebnis liegt bei 6 aus 13
Antwortstatistiken
Bundesland Stadt % Korrekt
Bayern München
97%
Baden-Württemberg Mannheim
82%
Sachsen-Anhalt Magdeburg
81%
Rheinland-Pfalz Mainz
80%
Nordrhein-Westfallen Münster
76%
Hessen Marburg
64%
Sachsen Meißen
39%
Saarland Merzig
27%
Thüringen Mühlhausen
23%
Niedersachsen Melle
20%
Schleswig-Holstein Mölln
18%
Mecklenburg-Vorpommern Malchin
6%
Brandenburg Mittenwalde
3%
Keine übereinstimmenden Quizze gefunden
Verteilung der Resultate
Anzahl Personen mit jedem Resultat
Perzentil nach korrekt beantworteten Fragen
Ihre Resultats-Entwicklung
Sie haben dieses Quiz noch nicht gespielt